Mobilné vzdelávacie centrum správa o plnení rozvojového projektu na rok 2005

Saved in:
Bibliographic Details
Main Author: Šóš, Ivan, 1977-
Corporate Author: Národohospodárska fakulta EU. Katedra pedagogiky
Other Authors: Velichová, Ľudmila, Novák, Martin, 1980-
Format: Book
Language:Slovak
Published: Bratislava 2006
Subjects:
Tags: Add Tag
No Tags, Be the first to tag this record!

MARC

LEADER 00000nam$a2200000$$$4500
001 0051408
005 20240503084916.6
041 0 |a slo 
044 |a SK 
245 1 0 |a Mobilné vzdelávacie centrum  |b správa o plnení rozvojového projektu na rok 2005  |c Ivan Šóš, Ľudmila Velichová, Martin Novák 
264 1 |a Bratislava  |c 2006 
300 |a 4 s. 
610 2 0 |a technológie informačné 
610 2 0 |a projekty racionalizačné 
610 2 0 |a školy vysoké 
610 2 0 |a vzdelávanie 
100 1 |a Šóš, Ivan, 1977- 
700 1 |a Velichová, Ľudmila 
700 1 |a Novák, Martin, 1980- 
710 2 |a Národohospodárska fakulta EU. Katedra pedagogiky